00313nam a2200145Ia 45000030006000000080041000060400015000471000026000622450027000882500006001152600009001213000006001305460014001360050017001500STCL150530s9999 xx 000 0 und d aSTCLcSTCL aBhaskaran Pallikkurup aOru Samsayam Bakkiyayi a1 c1999 a0 aMalayalam20220125171654.0